000 00931nam a2200277Ia 4500
005 20220316235443.0
008 121119s2003 sp a gr 000 j spa
020 _a8434816776
041 1 _aspa
100 1 _aNostlinger, Christine
_d1936-
245 1 0 _aQuerida Susi, querido Paul
_cChristine Nostlinger ; traducción del alemán, Marinella Terzi
250 _aVigésima novena edición
300 _a92 páginas
_bilustraciones
_c19 cm
490 0 _aEl barco de vapor : azul
650 1 4 _aCuentos infantiles austriacos
_ySiglo XX
_2LEMB
650 1 4 _aLiteratura infantil austriaca
_2LEMB
650 1 4 _aAmistad
_vCuentos
_2LEMB
700 1 _aTerzi, Marinella
_etraductor
_937612
942 _2loc
_cBKINF
264 _aMadrid
_bS. M.
_c2003
336 _atexto
_btxt
_2rdacontent
337 _asin mediación
_bn
_2rdamedia
338 _avolumen
_bnc
_2rdacarrier
040 _aCO-BoRNBP
_bspa
_erda
_cCO-BoRNBP
084 _aC NOS1
999 _c1007
_d1007